| 000 | 00903 a2200265 4500 | ||
|---|---|---|---|
| 003 | OSt | ||
| 005 | 20180116192349.0 | ||
| 008 | 120531t xxu||||| |||| 00| 0 eng d | ||
| 010 | _a 00267517 | ||
| 020 | _a1886155003 | ||
| 020 | _a0500512892 | ||
| 020 | _a9780500512890 | ||
| 040 | _c0 | ||
| 082 | 0 | 0 | _a769.92 |
| 100 | 1 |
_aErnst, Bruno. _93107 |
|
| 245 | 1 | 4 |
_aThe magic mirror of M.C. Escher / _cBruno Ernst ; [translated from the Dutch by John E. Brigham]. |
| 260 |
_a[Amsterdam, Netherlands?] : _bEvergreen, _cc1994. |
||
| 300 |
_a111 p. : _bill. (some col.) ; _c30 cm. |
||
| 500 | _aPreviously published: New York : Random House, c1976. | ||
| 500 | _aIncludes index. | ||
| 600 | 1 | 0 |
_aEscher, M. C. _d1898-1972 _xThemes, motives. _93108 |
| 700 | 1 |
_aEscher, M. C. _d1898-1972. _93109 |
|
| 942 |
_aSADA _cBK _k769.92 ERN 1994 _2ddc |
||
| 999 |
_c352861 _d352861 |
||